000 00843nam a2200289Ia 4500
005 20260324114111.0
008 008 260324s9999 xx 000 0 eng d
020 _a9781003425823
037 _aEBOOK
040 _aCRL
040 _beng
040 _cCRL
041 _2eng
041 _aeng
084 _qCRL
100 _aAbhijit Mohanrao Zende; Xin Ren; Qingfei Gao
_91149435
245 0 _aCivil Engineering and Disaster Prevention
245 0 _bProceedings of the 4th International Conference on Civil, Architecture and Disaster Prevention and Control (CADPC 2023), Suzhou, China, 24-26 March 2023
260 _bTaylor and Francis
260 _c2023
365 _a
365 _b560
856 _uhttp://www.taylorfrancis.com/books/9781003425823
942 _cEBOOK
999 _c1739433
_d1739433